Contemporary fixed prosthodontics / (Record no. 21746)
[ view plain ]
| 000 -LEADER | |
|---|---|
| fixed length control field | 00894cam a22002895a 4500 |
| 001 - CONTROL NUMBER | |
| control field | 017531731 |
| 003 - CONTROL NUMBER IDENTIFIER | |
| control field | OSt |
| 005 - DATE AND TIME OF LATEST TRANSACTION | |
| control field | 20160516104813.0 |
| 008 - FIXED-LENGTH DATA ELEMENTS--GENERAL INFORMATION | |
| fixed length control field | 150806t2016 moua frb 001 0 eng d |
| 020 ## - INTERNATIONAL STANDARD BOOK NUMBER | |
| International Standard Book Number | 9780323080118 (hbk.) |
| 040 ## - CATALOGING SOURCE | |
| Original cataloging agency | StDuBDS |
| Language of cataloging | eng |
| Transcribing agency | StDuBDS |
| Modifying agency | EG-ScBUE |
| 082 04 - DEWEY DECIMAL CLASSIFICATION NUMBER | |
| Classification number | 617.69 |
| Edition number | 22 |
| Item number | ROS |
| 100 1# - MAIN ENTRY--PERSONAL NAME | |
| Personal name | Rosenstiel, Stephen F. |
| 9 (RLIN) | 32531 |
| 245 10 - TITLE STATEMENT | |
| Title | Contemporary fixed prosthodontics / |
| Statement of responsibility, etc | Stephen F. Rosentiel, Martin F. Land, Junhei Fujimoto. |
| 250 ## - EDITION STATEMENT | |
| Edition statement | 5th ed. |
| 260 ## - PUBLICATION, DISTRIBUTION, ETC. (IMPRINT) | |
| Place of publication, distribution, etc | Missouri : |
| Name of publisher, distributor, etc | Elsevier, |
| Date of publication, distribution, etc | c.2016. |
| 300 ## - PHYSICAL DESCRIPTION | |
| Extent | viii, 879 p. : |
| Other physical details | ill. ; |
| Dimensions | 28 cm. |
| 500 ## - GENERAL NOTE | |
| General note | Previous edition : 2006. |
| 500 ## - GENERAL NOTE | |
| General note | Index : p. 849-879. |
| 504 ## - BIBLIOGRAPHY, ETC. NOTE | |
| Bibliography, etc | Includes bibliographical references. |
| 650 #7 - SUBJECT ADDED ENTRY--TOPICAL TERM | |
| Topical term or geographic name as entry element | Prosthodontics. |
| Source of heading or term | BUEsh |
| 9 (RLIN) | 30625 |
| 651 ## - SUBJECT ADDED ENTRY--GEOGRAPHIC NAME | |
| Source of heading or term | BUEsh |
| 653 ## - INDEX TERM--UNCONTROLLED | |
| Resource For college | |
| Arrived date list | May2016 |
| 700 1# - ADDED ENTRY--PERSONAL NAME | |
| Personal name | Land, Martin F., |
| 9 (RLIN) | 32534 |
| 700 1# - ADDED ENTRY--PERSONAL NAME | |
| Personal name | Fujimoto, Junhei, |
| 9 (RLIN) | 32535 |
| 942 ## - ADDED ENTRY ELEMENTS (KOHA) | |
| Source of classification or shelving scheme | Dewey Decimal Classification |
| Withdrawn status | Item status | Source of classification or shelving scheme | Damaged status | Not for loan | Vendor | Home library | Current library | Shelving location | Date acquired | Source of acquisition | Cost, normal purchase price | Total Checkouts | Total Renewals | Full call number | Barcode | Date last seen | Date last borrowed | Cost, replacement price | Koha item type | Checked out |
|---|---|---|---|---|---|---|---|---|---|---|---|---|---|---|---|---|---|---|---|---|
| Dewey Decimal Classification | Alahram | Central Library | Central Library | First floor | 16/05/2016 | Purchase | 1445.00 | 5 | 62 | 617.69 ROS | 000032490 | 15/07/2025 | 02/06/2019 | 1806.25 | Book - Borrowing | |||||
| Dewey Decimal Classification | Alahram | Central Library | Central Library | First floor | 16/05/2016 | Purchase | 1445.00 | 4 | 25 | 617.69 ROS | 000032491 | 06/09/2021 | 06/09/2021 | 1806.25 | Book - Borrowing | 15/02/2022 |